The Hudson River, 1850-1918 : a photographic portrait /

Bibliographic Details
Other Authors: Simpson, Jeffrey
Format: Book
Language:English
Published: Tarrytown, N.Y. : Sleepy Hollow Press, [1981]
Subjects:

MARC

Tag First Indicator Second Indicator Subfields
LEADER 00000cam a22000008a 4500
001 in00000073502
005 20151008053511.0
008 810507s1981 nyuac b 00100 eng
010 |a  81008743  
020 |a 0912882441 :  |c $29.95 
035 |a (OCoLC)07555994 
035 |9 AAH7642AM 
039 0 |a 2  |b 3  |c 3  |d 3  |e 3 
040 |a DLC  |c DLC  |d TXA  |d UtOrBLW 
043 |a n-us-ny  |a n-us-nj 
049 |a TXAM  |c [985364] 
050 0 0 |a F127.H8  |b H78 
082 0 |a 974.7/3  |2 19 
245 0 4 |a The Hudson River, 1850-1918 :  |b a photographic portrait /  |c Jeffrey Simpson. 
263 |a 8109 
264 1 |a Tarrytown, N.Y. :  |b Sleepy Hollow Press,  |c [1981] 
264 4 |c ©1981 
300 |a 202 pages :  |b illustrations, portraits ;  |c 29 cm. 
336 |a text  |b txt  |2 rdacontent 
337 |a unmediated  |b n  |2 rdamedia 
338 |a volume  |b nc  |2 rdacarrier 
500 |a Includes index. 
504 |a Bibliography: pages 195-196. 
651 0 |a Hudson River (N.Y. and N.J.)  |x Pictorial works. 
651 0 |a Hudson River Valley (N.Y. and N.J.)  |x Pictorial works. 
651 0 |a Hudson River Valley (N.Y. and N.J.)  |x Social life and customs  |x Pictorial works. 
700 1 |a Simpson, Jeffrey. 
999 |a MARS 
999 f f |s a6f14cb7-6134-3d15-809a-d7055a2d10b3  |i 45a5e9df-0652-39b7-aa2a-ec6b0fca37ce  |t 0 
952 f f |p ric  |a Texas A&M University  |b Rellis Campus  |c Joint Library Facility  |d Remote Storage  |t 0  |e F127.H8 H78  |h Library of Congress classification  |i unmediated -- volume  |m A14806108950 
998 f f |a F127.H8 H78  |t 0  |l Remote Storage